| 000 | 00519 a2200157 4500 | ||
|---|---|---|---|
| 999 |
_c204 _d204 |
||
| 020 | _a9781446295564 | ||
| 050 | _aBF637 NEL 2015 | ||
| 100 |
_aNelson-Jones, Richard _eauthor |
||
| 245 |
_aNelson-Jones' theory and practice of counselling and psychotherapy / _cRichard Nelson-Jones |
||
| 264 |
_aLos Angeles : _bSage Publications, _c2015 |
||
| 300 |
_ax, 513p. : _bill. |
||
| 500 | _aIncludes bibliographic references and index | ||
| 650 | _aCounselling | ||
| 650 | _aPsychotherapy | ||
| 942 |
_2lcc _cBK _e6th ed. _h637 _iNEL _kBF |
||